• 首页
  • 本馆介绍
  • 公告通知
  • 最新文献
  • 馆藏检索
  • 电子资源
  • 读者导购
  • 参考咨询
  • 我的图书馆
  • 登录
  • 详细信息显示
  • 放入我的书架
  • 预约/预借图书
  • 作者相关作品
  • 分类相关作品
  • 丛书相关作品
  • 出版社相关作品

书目信息

  • 表格格式
  • 工作单格式
  • 卡片格式
题名:
打工,打出一片晴空
    
 
作者: 殷钢 编著
分册:  
出版信息: 北京   中国友谊出版公司  2002
页数: 275页
开本: 20cm
丛书名: 新生活/新事业丛书
单 册:
中图分类: D669.2
科图分类:
主题词: 劳动就业--基本知识--中国
电子资源:
ISBN: 7-5057-1842-8
000 00765nam2 2200229 45
001 0401242342
005 20040124232254.9
010    @a7-5057-1842-8@dCNY16.00
100    @a20040124d2002 km y0chiy0120 ea
101 0  @achi
105    @a z 000yy
200 1  @a打工,打出一片晴空@ADa Gong,Da Chu Yi Pian Qing Kong@e踏上成功的创业路@ETa Shang Cheng Gong De Chuang Ye Lu@f殷钢编著@FYin Gang Bian Zhu
210    @a北京@c中国友谊出版公司@d2002
215    @a275页@d20cm
225    @a新生活/新事业丛书
410    @12001 @a新生活/新事业丛书
517    @a踏上成功的创业路@ATa Shang Cheng Gong De Chuang Ye Lu
606 0  @a劳动就业@x基本知识@y中国
690    @aD669.2@v4
701  0 @a殷钢@4编著
801    @aCN@bTSTCL@c20040124
905    @b332195-199@dD669.2@e27@f5
    
    打工,打出一片晴空:踏上成功的创业路/殷钢编著.-北京:中国友谊出版公司,2002
    275页;20cm.-(新生活/新事业丛书)
    
    
    ISBN 7-5057-1842-8:CNY16.00
    
●
相关链接 在E读中查询图书 在五车中查询图书 在当当中查询图书 在豆瓣中查询图书


正题名:打工,打出一片晴空     索取号:D669.2/27         预约/预借

序号 登录号 条形码 馆藏地/架位号 状态 备注
1 0332195   203321958   第一借阅区/ [索取号:D669.2/27] 在馆    
2 0332196   203321967   第一借阅区/ [索取号:D669.2/27] 在馆    
3 0332197   203321976   第一借阅区/ [索取号:D669.2/27] 在馆    
4 0332198   203321985   第一借阅区/ [索取号:D669.2/27] 在馆    
5 0332199   203321994   第一样本阅览室/ [索取号:D669.2/27] 在馆    
唐山师范学院图书馆 欢迎您!
大连网信软件有限公司© 版权所有